Effect of nitrogen and phosphorus fertilization on yield and quality of two sugar beet varieties under Assuit Governorate condition (Record no. 48937)

MARC details
000 -LEADER
fixed length control field 01746cab a2200313Ia 45 0
001 - CONTROL NUMBER
control field u195820
003 - CONTROL NUMBER IDENTIFIER
control field SIRSI
008 - FIXED-LENGTH DATA ELEMENTS--GENERAL INFORMATION
fixed length control field 111024s2005 ua ss b 0 eng d
040 ## - CATALOGING SOURCE
Original cataloging agency EAL
041 ## - LANGUAGE CODE
Language code of text/sound track or separate title eng
Language code of summary or abstract ara
090 ## - LOCALLY ASSIGNED LC-TYPE CALL NUMBER (OCLC); LOCAL CALL NUMBER (RLIN)
Classification number (OCLC) (R) ; Classification number, CALL (RLIN) (NR) ART ZJAR V32 No4 2
100 1# - MAIN ENTRY--PERSONAL NAME
Personal name Ibrahim, M.M.
240 10 - UNIFORM TITLE
Uniform title Zagazig journal of agricultural research, 2005 v. 32 (4)
Medium [electronic resource].
245 10 - TITLE STATEMENT
Title Effect of nitrogen and phosphorus fertilization on yield and quality of two sugar beet varieties under Assuit Governorate condition
Medium [electronic resource].
246 15 - VARYING FORM OF TITLE
Title proper/short title تأثير التسميد الازوتى والفوسفاتى على محصول وجودة صنفين من بنجر السكر تحت ظروف محافظة أسيوط.‪
300 ## - PHYSICAL DESCRIPTION
Extent p.1087-1103.
504 ## - BIBLIOGRAPHY, ETC. NOTE
Bibliography, etc. note Includes references.
520 ## - SUMMARY, ETC.
Summary, etc. Two field experiments were carried out in 2002/2003 and 2003/2004 growing seasons at the Experimental Farm of the Faculty of Agriculture, A1-Azhar University, Assuit Governorate to study the effect of three nitrogen fertilizer levels (60, 90 and 120 kg N/fed) and three phosphorus fertilizer levels (15.5, 31.0 and 46.5 kg PzOslfed) on yield and quality of two mult-germ sugar beet varieties (Kawmera and Farida). Sub-sub-plot design in fonr replications was used in this study.
546 ## - LANGUAGE NOTE
Language note Summary in Arabic.
596 ## -
-- 1
650 #0 - SUBJECT ADDED ENTRY--TOPICAL TERM
Topical term or geographic name entry element Plants
General subdivision Effect of phosphorus on.
650 #0 - SUBJECT ADDED ENTRY--TOPICAL TERM
Topical term or geographic name entry element Plants
General subdivision Effect of nitrogen on.
650 #0 - SUBJECT ADDED ENTRY--TOPICAL TERM
Topical term or geographic name entry element Sugar beet
General subdivision Yield.
650 #0 - SUBJECT ADDED ENTRY--TOPICAL TERM
Topical term or geographic name entry element Sugar beet
General subdivision Varieties.
700 1# - ADDED ENTRY--PERSONAL NAME
Personal name El-Aref,Kh.A.O.
700 1# - ADDED ENTRY--PERSONAL NAME
Personal name Abo El-Hamd,A.S.
773 0# - HOST ITEM ENTRY
Title Zagazig Journal of Agricultural Research.
Related parts 2005.v.32(4)
International Standard Serial Number 1110-0338
Control subfield nnas
Record control number u158356
856 40 - ELECTRONIC LOCATION AND ACCESS
Uniform Resource Identifier <a href="http://nile.enal.sci.eg/EALE/2005/ZJAR/3205/4/1087.pdf">http://nile.enal.sci.eg/EALE/2005/ZJAR/3205/4/1087.pdf</a>
Public note Full Text Article.
942 ## - ADDED ENTRY ELEMENTS (KOHA)
Koha item type Articles
Source of classification or shelving scheme Library of Congress Classification

No items available.


Home | About ENAL | Collections | Services | Activities | Calendar | Contact us

7 Nadi El Sayed St., Giza, Egypt | Phone:02-33351121 +02-33351313 | 
| Email: enalegypt@gmail.com